| 000 | 01516nam1a2200325 i 4500 | ||
|---|---|---|---|
| 001 | RU\NLR\bibl\136831 | ||
| 005 | 20240920055739.0 | ||
| 035 | _a(NLR Aleph) 000134030 | ||
| 090 |
_a765997 _c765997 |
||
| 100 | _a20010223g19989999u y0rusy50 ca | ||
| 101 | 0 | _arus | |
| 102 | _aRU | ||
| 105 | _ay ||||||||| | ||
| 200 | 1 |
_aУчебное пособие по курсу "Гражданское право" _fТ.А. Быкова, В.С. Константинова, Т.И. Хмелева |
|
| 210 |
_aСаратов _cПриволж. кн. изд-во _d1998 |
||
| 215 | _d20 | ||
| 300 | _aНа обл.: Учебное пособие по гражданскому праву | ||
| 463 | 0 | _1001136551 | |
| 512 | 1 | _aУчебное пособие по гражданскому праву | |
| 606 | 0 |
_aГражданское право _jРуководства, пособия и т.п. _yРоссийская Федерация _92073647 _3RU\NLR\auth\661248570 |
|
| 606 | 0 |
_aГражданское право _jУчебные издания _yРоссийская Федерация _92073647 _3RU\NLR\auth\661248570 |
|
| 686 | _aХ623я7 | ||
| 700 | 1 |
_aБыкова _bТ. А. _gТамара Анатольевна _4070 |
|
| 701 | 1 |
_aКонстантинова _bВ. С. _gВалентина Семеновна _4070 |
|
| 701 | 1 |
_aХмелева _bТ. И. _gТатьяна Ивановна _4070 |
|
| 801 | 0 |
_aRU _bNLR _c20010223 _gPSBO |
|
| 801 | 1 |
_aRU _bNLR _c20010223 |
|
| 852 |
_aNLR _j2001-3/151 |
||
| 942 | _cBOOK | ||